[Event "BCF-ch U13"]
[Site "Coventry"]
[Date "2015.07.28"]
[Round "2"]
[White "Ragavan, Pramoth"]
[Black "Pollack, Oscar"]
[Result "0-1"]
[WhiteElo "1520"]
[BlackElo "1873"]
[PlyCount "58"]
[EventDate "2015.07.27"]
[EventType "swiss"]
[EventRounds "7"]
[EventCountry "ENG"]
[SourceTitle "CBM 167 Extra"]
[Source "ChessBase"]
[SourceDate "2015.09.14"]
[SourceVersion "1"]
[SourceVersionDate "2015.09.14"]
[SourceQuality "1"]

1. d4 Nf6 2. c4 g6 3. Nc3 Bg7 4. e4 d6 5. f3 0-0 6. Be3 Nc6 7. Qd2 e5 8. d5 Ne7 9. Bd3 Ne8 10. Nge2 f5 11. Bg5 f4 12. Bh4 Nf6 13. 0-0 c5 14. Rfd1 h6 15. a3 g5 16. Bf2 h5 17. b4 b6 18. Bc2 g4 19. Ba4 Ng6 20. Rab1 a6 21. bxc5 bxc5 22. Bc6 Ra7 23. Na4 Raf7 24. Rb8 Qc7 25. Qb2 h4 26. Be1 h3 27. Qb6 hxg2 28. Qxc7 Rxc7 29. Kxg2 gxf3+ 0-1